000 00467nam a2200181Ia 4500
001 20120
005 20260306172743.0
008 260306t1991||||xx |||||||||||||| ||spa||
041 _aESP
082 _a342.4
_bD35
100 _aDe Mulinen, Frédéric
_eAUT
245 0 _aManual sobre el derecho de la guerra para las fuerzas armadas
260 _c1991
300 _axxvi, 258 páginas :
_c23 cm.
650 _aGEN
654 _aCDE
942 _cLIB
_dJUS
_fJUS
_2ddc
_n
999 _c20120
_d20120